000 00767nam a22002297a 4500
003 0
005 20251015115247.0
008 251015b xxu||||| |||| 00| 0 eng d
020 _a978-1-912859-09-2
050 _aBF 31
_b.W38 2023
100 _aWatson, Esther,
_eauthor.
245 _aGlobal encyclopedia of theoretical psychology /
_cEsther Watson.
250 _aFirst edition.
260 _aLondon, United Kingdom :
_bVintage Press Ltd,
_c2023.
300 _ax, 328 pages :
_bcolored illustrations ;
_c25 cm.
504 _aIncludes bibliographical references and index.
650 _aPsychology
_xEncyclopedias.
650 _aTheoretical psychology
_xEncyclopedias.
650 _aPsychology
_xPhilosophy.
650 _aPsychological theory.
942 _2lcc
_cBK
999 _c368246
_d368246